[Event "Barcelona La Lira op 34th"]
[Site "Barcelona"]
[Date "2016.02.19"]
[Round "6"]
[White "Martinez Hernandez, Emili"]
[Black "Sobrevia Castellar, Lluis"]
[Result "1-0"]
[WhiteElo "1788"]
[BlackElo "1821"]
[PlyCount "103"]
[EventDate "2016.01.15"]
[EventType "swiss"]
[EventRounds "8"]
[EventCountry "ESP"]
[SourceTitle "EXT 2017"]
[Source "ChessBase"]
[SourceDate "2016.10.25"]
[SourceVersion "1"]
[SourceVersionDate "2016.10.25"]
[SourceQuality "1"]

1. d4 Nf6 2. Nf3 e6 3. e3 b6 4. Bd3 Bb7 5. Nbd2 c5 6. c3 d5 7. dxc5 bxc5 8. Bb5+ Nbd7 9. Ne5 a6 10. Bxd7+ Nxd7 11. Qa4 Bd6 12. Nxd7 Qxd7 13. Qxd7+ Kxd7 14. 0-0 a5 15. Rd1 e5 16. f3 Bc6 17. Kf2 f5 18. a3 Ke6 19. g3 h5 20. f4 e4 21. h4 Be7 22. Rb1 Rab8 23. b3 Bf6 24. Bb2 Rhd8 25. Ba1 Rd7 26. b4 axb4 27. axb4 cxb4 28. Nb3 Ra7 29. cxb4 Ra2+ 30. Kg1 Rba8 31. Bxf6 Kxf6 32. Na5 Rc8 33. Rbc1 Bd7 34. Rxc8 Bxc8 35. Rxd5 Be6 36. Rd6 Ke7 37. Rb6 Bd5 38. Nb7 Re2 39. Rb5 Bc6 40. Re5+ Kf6 41. Nc5 Bb5 42. Re6+ Kf7 43. Rb6 Bd3 44. Rb7+ Kf6 45. b5 Rxe3 46. b6 Re2 47. Rb8 Rb2 48. b7 Ke7 49. Rg8 Kd6 50. Nxd3 Rxb7 51. Ne5 Rb2 52. Nc4+ 1-0

[Event "Barcelona Sant Marti op-B 17th"]
[Site "Barcelona"]
[Date "2015.07.19"]
[Round "7"]
[White "Pla Carulla, Joaquim"]
[Black "Sobrevia Castellar, Lluis"]
[Result "0-1"]
[WhiteElo "2034"]
[BlackElo "1999"]
[PlyCount "88"]
[EventDate "2015.07.13"]
[EventType "swiss"]
[EventRounds "9"]
[EventCountry "ESP"]
[SourceTitle "EXT 2016"]
[Source "ChessBase"]
[SourceDate "2015.10.08"]
[SourceVersion "1"]
[SourceVersionDate "2015.10.08"]
[SourceQuality "1"]

1. d4 e6 2. c4 Nf6 3. Nc3 d5 4. Nf3 b6 5. Bf4 a6 6. e3 Bb7 7. a3 Nbd7 8. cxd5 exd5 9. Be2 Be7 10. 0-0 0-0 11. h3 c5 12. b3 Rc8 13. Ne5 cxd4 14. Qxd4 Nc5 15. Qd1 Nfe4 16. Nxe4 Nxe4 17. Bd3 Nc3 18. Qh5 Ne4 19. Ng4 f5 20. f3 fxg4 21. fxe4 dxe4 22. Bc4+ Kh8 23. Qxg4 Bf6 24. Rad1 Qe8 25. Rd7 Bc6 26. Ra7 Bb5 27. Bd6 Bxc4 28. bxc4 Rg8 29. Rxa6 Rxc4 30. Rxb6 Qg6 31. Qxg6 hxg6 32. Rb4 Rgc8 33. Rf4 Rxb4 34. axb4 Rc4 35. Kf2 Kg8 36. Kg3 Kf7 37. Rf1 Ke6 38. Bc5 Kd5 39. Kf4 Bc3 40. Rd1+ Ke6 41. Rd6+ Kf7 42. Kg5 Bxb4 43. Bxb4 Rxb4 44. Rd4 Rxd4 0-1

[Event "Barcelona Chavarria Memorial 2nd"]
[Site "Barcelona"]
[Date "2013.10.16"]
[Round "1"]
[White "Munoz Pantoja, Miguel Angel"]
[Black "Sobrevia Castellar, Lluis"]
[Result "1-0"]
[WhiteElo "2460"]
[BlackElo "1858"]
[PlyCount "75"]
[EventDate "2013.10.16"]
[EventType "swiss"]
[EventRounds "9"]
[EventCountry "ESP"]
[SourceTitle "EXT 2015"]
[Source "ChessBase"]
[SourceDate "2014.11.20"]
[SourceVersion "1"]
[SourceVersionDate "2014.11.20"]
[SourceQuality "1"]

1. e4 d6 2. g3 e6 3. Bg2 c5 4. Ne2 Nc6 5. c3 b6 6. d4 Bb7 7. 0-0 Nf6 8. h3 Be7 9. Be3 Qc7 10. f4 a5 11. a4 Na7 12. Nd2 Bc6 13. c4 Bb7 14. g4 Nc6 15. d5 Nb4 16. Nc3 0-0-0 17. g5 Ne8 18. f5 e5 19. Bf3 f6 20. Nb5 Qd7 21. Bg4 Kb8 22. Nb1 Nc7 23. N1a3 Nxb5 24. cxb5 Bc8 25. Nc4 Kb7 26. b3 Qe8 27. Qd2 Qf7 28. Kh2 Kc7 29. Rf2 fxg5 30. Bxg5 Bf6 31. Rg1 Qe7 32. Be2 Bd7 33. Bxf6 gxf6 34. Rfg2 Rdf8 35. Bh5 Be8 36. Rg7 Bf7 37. Qh6 Nd3 38. Bxf7 1-0

[Event "Barcelona Primavera La Lira op 6th"]
[Site "Barcelona"]
[Date "2013.05.30"]
[Round "8"]
[White "Sobrevia Castellar, Lluis"]
[Black "Parayre Soguero, Jordi"]
[Result "1-0"]
[WhiteElo "1872"]
[BlackElo "1938"]
[PlyCount "131"]
[EventDate "2013.04.11"]
[EventType "swiss"]
[EventRounds "9"]
[EventCountry "ESP"]
[SourceTitle "CBM 154 Extra"]
[Source "ChessBase"]
[SourceDate "2013.06.25"]
[SourceVersion "2"]
[SourceVersionDate "2013.06.25"]
[SourceQuality "1"]

1. d4 Nf6 2. e3 d5 3. b3 e6 4. Bb2 c5 5. Nf3 Nc6 6. Be2 Be7 7. 0-0 0-0 8. c4 b6 9. Nc3 dxc4 10. bxc4 Bb7 11. Qd2 Qd7 12. Rfd1 Rfd8 13. Qc2 Nb4 14. Qb3 Qc6 15. a3 Na6 16. Rd2 cxd4 17. exd4 Nc5 18. Qc2 Ncd7 19. Rad1 Qd6 20. Qd3 Qf4 21. Qe3 Qxe3 22. fxe3 Ng4 23. Rd3 Rac8 24. h3 Ngf6 25. R3d2 Ba6 26. Ne5 Nxe5 27. dxe5 Rxd2 28. Rxd2 Ne8 29. Rd7 Rc7 30. Rxc7 Nxc7 31. Ne4 Kf8 32. Kf2 Ne8 33. g4 f6 34. exf6 Bxf6 35. Nxf6 Nxf6 36. Bd3 h6 37. Kf3 Nd7 38. Kf4 Kf7 39. h4 Nc5 40. Be2 Bb7 41. Be5 Be4 42. Bb8 Bd3 43. Bxd3 Nxd3+ 44. Ke4 Nb2 45. Kd4 a6 46. Ba7 Na4 47. c5 bxc5+ 48. Bxc5 Kf6 49. Bd6 Nb2 50. Be5+ Kf7 51. e4 g6 52. h5 gxh5 53. gxh5 Na4 54. Bf4 Kg7 55. Be3 Nb6 56. Kc5 Nd7+ 57. Kd6 Nf6 58. e5 Nd5 59. Bd2 Nb6 60. Kxe6 Nc4 61. Bb4 Ne3 62. Kd7 Ng4 63. e6 Nf6+ 64. Kd8 Kg8 65. Bc3 Nxh5 66. e7 1-0

[Event "Foment Martinenc op-A 15th"]
[Site "Barcelona"]
[Date "2013.05.25"]
[Round "6"]
[White "Sobrevia Castellar, Lluis"]
[Black "Gonzalez Muelas, Javier"]
[Result "1-0"]
[WhiteElo "1872"]
[BlackElo "1804"]
[PlyCount "67"]
[EventDate "2013.04.20"]
[EventType "swiss"]
[EventRounds "9"]
[EventCountry "ESP"]
[SourceTitle "CBM 154 Extra"]
[Source "ChessBase"]
[SourceDate "2013.06.25"]
[SourceVersion "2"]
[SourceVersionDate "2013.06.25"]
[SourceQuality "1"]

1. e4 e5 2. Nf3 Nc6 3. c3 Nf6 4. d3 Be7 5. Bg5 d6 6. Be2 d5 7. Qc2 Be6 8. 0-0 0-0 9. Nbd2 Ne8 10. Bxe7 Qxe7 11. b4 a6 12. a4 Nd6 13. Qb2 dxe4 14. dxe4 f6 15. c4 Rfd8 16. b5 Na5 17. c5 Ndc4 18. Nxc4 Nxc4 19. Qb4 a5 20. Qc3 Rd4 21. Nxd4 exd4 22. Qxd4 Rd8 23. Qc3 Nd2 24. Rfd1 Nxe4 25. Rxd8+ Qxd8 26. Qe3 Qd5 27. Rc1 f5 28. Bc4 Qe5 29. Bxe6+ Qxe6 30. f3 Qa2 31. fxe4 Qxa4 32. exf5 Qxb5 33. Rd1 h6 34. Qe6+ 1-0

[Event "Barcelona Primavera La Lira op 5th"]
[Site "Barcelona"]
[Date "2012.06.07"]
[Round "8"]
[White "Corominas Garrido, Jordi"]
[Black "Sobrevia Castellar, Lluis"]
[Result "1/2-1/2"]
[WhiteElo "1904"]
[BlackElo "1899"]
[PlyCount "125"]
[EventDate "2012.04.19"]
[EventType "swiss"]
[EventRounds "9"]
[EventCountry "ESP"]
[SourceTitle "CBM 148 Extra"]
[Source "ChessBase"]
[SourceDate "2012.06.22"]
[SourceVersion "1"]
[SourceVersionDate "2012.06.22"]
[SourceQuality "1"]

1. c4 e5 2. Nc3 d6 3. g3 Nd7 4. d4 g6 5. Bg2 Bg7 6. Nf3 Ne7 7. e4 0-0 8. 0-0 Re8 9. Be3 h6 10. Qd2 Kh7 11. Rad1 Nc6 12. d5 Ne7 13. b4 f5 14. Ne1 Nf6 15. f4 Ng4 16. fxe5 Nxe3 17. Qxe3 Bxe5 18. Ne2 Ng8 19. exf5 Bxf5 20. Qd2 Qe7 21. Nf3 Nf6 22. Nxe5 Qxe5 23. Rde1 Qe3+ 24. Qxe3 Rxe3 25. Nd4 Rxe1 26. Rxe1 Re8 27. Rxe8 Nxe8 28. Kf2 Bd7 29. Be4 Kg7 30. Ke3 Nf6 31. h4 Ng4+ 32. Kd2 Kf6 33. Nf3 g5 34. hxg5+ hxg5 35. Kc3 Nf2 36. Nd2 Ke5 37. Bg2 Nd1+ 38. Kd3 Bf5+ 39. Ke2 Nc3+ 40. Ke3 Nxa2 41. Nf3+ Kf6 42. b5 Nc1 43. Nd2 Nd3 44. g4 Bg6 45. Be4 Nc5 46. Bxg6 Kxg6 47. Kd4 Kf6 48. Ke3 a5 49. bxa6 bxa6 50. Nb1 a5 51. Kd4 Nd7 52. Na3 Ne5 53. c5 dxc5+ 54. Kxc5 Ke7 55. Nb5 Kd7 56. Nd4 a4 57. Kb4 Nxg4 58. Ne6 Kd6 59. Nxg5 Kxd5 60. Kxa4 c5 61. Nf3 Kc4 62. Nd2+ Kd3 63. Kb5 1/2-1/2

[Event "Barcelona Primavera La Lira op 5th"]
[Site "Barcelona"]
[Date "2012.05.31"]
[Round "7"]
[White "Herms Agullo, Jordi"]
[Black "Sobrevia Castellar, Lluis"]
[Result "1-0"]
[WhiteElo "2095"]
[BlackElo "1899"]
[PlyCount "49"]
[EventDate "2012.04.19"]
[EventType "swiss"]
[EventRounds "9"]
[EventCountry "ESP"]
[SourceTitle "CBM 148 Extra"]
[Source "ChessBase"]
[SourceDate "2012.06.22"]
[SourceVersion "1"]
[SourceVersionDate "2012.06.22"]
[SourceQuality "1"]

1. e4 d6 2. d4 e6 3. Nc3 b6 4. f4 Bb7 5. Nf3 Nf6 6. Bd3 c5 7. Qe2 Be7 8. h3 Nc6 9. Be3 a6 10. a3 Qc7 11. 0-0 0-0 12. e5 Nd5 13. Nxd5 exd5 14. c3 f6 15. exf6 Bxf6 16. Ng5 Bxg5 17. fxg5 g6 18. Rf6 Rf7 19. Raf1 Raf8 20. Qg4 Qe7 21. Qf4 Kg7 22. Kh2 Rxf6 23. gxf6+ Rxf6 24. Qh6+ Kg8 25. Bg5 1-0

[Event "Barcelona Primavera La Lira op 5th"]
[Site "Barcelona"]
[Date "2012.05.24"]
[Round "6"]
[White "Sobrevia Castellar, Lluis"]
[Black "Prats Rodriguez, Juan Bosco"]
[Result "1/2-1/2"]
[WhiteElo "1899"]
[BlackElo "2028"]
[PlyCount "143"]
[EventDate "2012.04.19"]
[EventType "swiss"]
[EventRounds "9"]
[EventCountry "ESP"]
[SourceTitle "CBM 148 Extra"]
[Source "ChessBase"]
[SourceDate "2012.06.22"]
[SourceVersion "1"]
[SourceVersionDate "2012.06.22"]
[SourceQuality "1"]

1. e4 c5 2. c4 Nc6 3. Nc3 g6 4. d3 Bg7 5. Be3 d6 6. Be2 e6 7. Qd2 Nd4 8. Nf3 Ne7 9. 0-0 0-0 10. Bh6 b6 11. Bxg7 Kxg7 12. Nxd4 cxd4 13. Nb5 e5 14. Na3 Bb7 15. f4 f5 16. exf5 Nxf5 17. Nc2 Qd7 18. Bf3 Rae8 19. Bxb7 Qxb7 20. fxe5 dxe5 21. g3 Re7 22. Qg2 Qxg2+ 23. Kxg2 e4 24. Rae1 Rfe8 25. dxe4 Rxe4 26. Rxe4 Rxe4 27. Kf3 Re7 28. Rd1 Rd7 29. g4 d3 30. Nb4 Nd6 31. b3 Nf7 32. Nd5 b5 33. Ke4 bxc4 34. bxc4 Rd6 35. Rxd3 Re6+ 36. Kd4 Ra6 37. a3 Nd8 38. Re3 Ne6+ 39. Ke5 Nc5 40. Nb4 Nd7+ 41. Kd4 Rd6+ 42. Kc3 Kf6 43. h4 Nb6 44. c5 Na4+ 45. Kc4 Rd1 46. Kb5 Nb2 47. c6 Rc1 48. Nd5+ Kf7 49. Re7+ Kf8 50. Rxh7 a6+ 51. Kb6 Nc4+ 52. Kxa6 Nd6 53. Kb6 Nf7 54. h5 gxh5 55. Rxh5 Rb1+ 56. Ka5 Ke8 57. c7 Nd6 58. Rh7 Rb5+ 59. Ka6 Rxd5 60. Kb6 Nc8+ 61. Kb7 Nd6+ 62. Kc6 Rd3 63. Rh8+ Ke7 64. a4 Rc3+ 65. Kb6 Ne8 66. Rh7+ Kd6 67. Rh6+ Kd7 68. a5 Nxc7 69. Rh7+ Kd6 70. Rh6+ Kd7 71. Rh7+ Kd6 72. a6 1/2-1/2